000 00458nam a22001697a 4500
005 20251108170622.0
008 250721s1995 xx 000 0 eng d
082 1 4 _aF/Nag
100 1 _aMahfouz, Naguib
245 1 0 _aArabian Nights and Days /
264 1 _aCairo :
_bThe American university in Cairo press,
_c1995.
300 _a227p
650 1 7 _aEnglish Fiction
700 1 _aJohnson, Davies denys
_etranslated by
942 _2ddc
_cBK
999 _c44943
_d44943